All Disney Plus Marvel Series - Statistics

General Stats
  • This quiz has been taken 60 times
  • The average score is 11 of 22
Answer Stats
Year Series % Correct
2021 WandaVision
93%
2021 The Falcon and the Winter Soldier
90%
2021 Loki
83%
2023 Loki
83%
2022 Moon Knight
81%
2021 What If...?
81%
2023 What If...?
81%
2021 Hawkeye
67%
2022 Ms. Marvel
62%
2024 Echo
52%
2022 She-Hulk: Attorney at Law
52%
2022 I Am Groot
43%
2023 I Am Groot
43%
2023 Secret Invasion
40%
2021 Legends
17%
2022 Legends
17%
2023 Legends
17%
2024 Legends
17%
2021 Assembled
14%
2022 Assembled
14%
2023 Assembled
14%
2024 Assembled
14%
No matching quizzes found
Score Distribution
Percent of People with Each Score
Percentile by Number Answered
Your Score History
You have not taken this quiz